[Event "COL pre olympic sf2"]
[Site "Palmira"]
[Date "2019.06.01"]
[Round "6"]
[White "Franco Valencia, Beatriz Irene"]
[Black "Calero, Hector Andres"]
[Result "1-0"]
[WhiteElo "2141"]
[BlackElo "1966"]
[PlyCount "54"]
[EventDate "2019.05.29"]
[EventType "swiss"]
[EventRounds "10"]
[EventCountry "COL"]
[SourceTitle "CBM 190 Extra"]
[Source "ChessBase"]
[SourceDate "2019.07.15"]
[SourceVersion "1"]
[SourceVersionDate "2019.07.15"]
[SourceQuality "1"]

1. d4 Nf6 2. g3 g6 3. Bg2 Bg7 4. e4 d6 5. Nc3 0-0 6. Nge2 e5 7. 0-0 Nc6 8. dxe5 dxe5 9. Nd5 Nxd5 10. exd5 Nd4 11. Be3 Bg4 12. f3 Nxe2+ 13. Qxe2 Bf5 14. c4 Re8 15. g4 Bd7 16. Rfd1 Qh4 17. Qd2 h6 18. Re1 Kh7 19. Bf2 Qf6 20. Rad1 Rad8 21. Qa5 e4 22. fxe4 Bxg4 23. Rd3 Qxb2 24. Qxc7 Rc8 25. Qg3 Bh5 26. Rb3 Qxa2 27. Rxb7 g5 1-0

[Event "COL pre olympic sf2"]
[Site "Palmira"]
[Date "2019.05.31"]
[Round "5"]
[White "Calero, Hector Andres"]
[Black "Lizarazo, Alba Patricia"]
[Result "1-0"]
[WhiteElo "1966"]
[BlackElo "1639"]
[PlyCount "51"]
[EventDate "2019.05.29"]
[EventType "swiss"]
[EventRounds "10"]
[EventCountry "COL"]
[SourceTitle "CBM 190 Extra"]
[Source "ChessBase"]
[SourceDate "2019.07.15"]
[SourceVersion "1"]
[SourceVersionDate "2019.07.15"]
[SourceQuality "1"]

1. e4 e5 2. Nf3 Nc6 3. Bb5 a6 4. Ba4 d6 5. c3 b5 6. Bc2 Nf6 7. 0-0 Bg4 8. h3 Bh5 9. d3 Be7 10. Nbd2 0-0 11. Re1 Qd7 12. Nf1 Bd8 13. Ng3 Bg6 14. Nh4 d5 15. Nhf5 dxe4 16. dxe4 Qxd1 17. Rxd1 h6 18. a4 Be7 19. Be3 Rfd8 20. Rxd8+ Rxd8 21. axb5 axb5 22. Ra6 Bxf5 23. Nxf5 Nb8 24. Nxe7+ Kf8 25. Nc6 Nxa6 26. Nxd8 1-0

[Event "COL pre olympic sf2"]
[Site "Palmira"]
[Date "2019.05.29"]
[Round "1"]
[White "Calero, Hector Andres"]
[Black "Bonilla, Julio Cesar"]
[Result "1-0"]
[WhiteElo "1966"]
[BlackElo "1272"]
[PlyCount "61"]
[EventDate "2019.05.29"]
[EventType "swiss"]
[EventRounds "10"]
[EventCountry "COL"]
[SourceTitle "CBM 190 Extra"]
[Source "ChessBase"]
[SourceDate "2019.07.15"]
[SourceVersion "1"]
[SourceVersionDate "2019.07.15"]
[SourceQuality "1"]

1. e4 e5 2. Nf3 Nc6 3. Bb5 Nd4 4. Nxd4 exd4 5. 0-0 Bc5 6. d3 c6 7. Bc4 h6 8. Bxf7+ Kf8 9. Bb3 d6 10. Bf4 Nf6 11. e5 dxe5 12. Bxe5 Bg4 13. Qd2 b5 14. Qf4 Bh5 15. Nd2 Bf7 16. Ne4 Be7 17. Rfe1 Bxb3 18. axb3 Kg8 19. Ra6 Nd5 20. Qg4 Rh7 21. Rxc6 Nb4 22. Rxh6 Qf8 23. Qe6+ Qf7 24. Qxf7+ Kxf7 25. Rxh7 Nxc2 26. Rc1 Nb4 27. Rxg7+ Ke6 28. Rxe7+ Kf5 29. Ng3+ Kg4 30. Rg7+ Kh4 31. Bf6# 1-0

[Event "COL-chT Interligas"]
[Site "Palmira"]
[Date "2019.04.27"]
[Round "2.1"]
[White "Castro Castro, Joaquin"]
[Black "Calero, Hector Andres"]
[Result "0-1"]
[WhiteElo "1627"]
[BlackElo "1966"]
[PlyCount "64"]
[EventDate "2019.04.27"]
[EventType "team-swiss"]
[EventRounds "6"]
[EventCountry "COL"]
[SourceTitle "CBM 190 Extra"]
[Source "ChessBase"]
[SourceDate "2019.07.15"]
[SourceVersion "1"]
[SourceVersionDate "2019.07.15"]
[SourceQuality "1"]
[WhiteTeam "Valle Club Union"]
[BlackTeam "Valle Carlos Cuartas II"]
[WhiteTeamCountry "COL"]
[BlackTeamCountry "COL"]

1. e4 c5 2. Nf3 d6 3. d4 cxd4 4. Nxd4 Nf6 5. Nc3 a6 6. Bc4 e6 7. Bb3 Be7 8. Be3 Qc7 9. f3 Bd7 10. Qd2 b5 11. a3 0-0 12. g4 Nc6 13. h4 Ne5 14. h5 Rfb8 15. g5 Ne8 16. h6 g6 17. 0-0-0 a5 18. Qe2 a4 19. Ba2 b4 20. axb4 a3 21. b5 axb2+ 22. Kxb2 Qa5 23. Nb3 Qa3+ 24. Kb1 Rc8 25. Bc1 Qb4 26. f4 Rxc3 27. fxe5 Qa4 28. Bb2 Qxa2+ 29. Kc1 Bxg5+ 30. Nd2 Rxc2+ 31. Kxc2 Rc8+ 32. Kd3 Bxb5+ 0-1

[Event "COL-ch"]
[Site "Bogota"]
[Date "2018.11.12"]
[Round "9"]
[White "Calero, Hector Andres"]
[Black "Garcia Alarcon, Alvaro"]
[Result "1-0"]
[WhiteElo "1937"]
[BlackElo "2110"]
[PlyCount "63"]
[EventDate "2018.11.06"]
[EventType "swiss"]
[EventRounds "9"]
[EventCountry "COL"]
[SourceTitle "CBM 187 Extra"]
[Source "ChessBase"]
[SourceDate "2018.11.04"]
[SourceVersion "1"]
[SourceVersionDate "2018.11.04"]
[SourceQuality "1"]

1. e4 Nc6 2. d4 d5 3. e5 Bf5 4. Nf3 e6 5. Bd3 Nge7 6. 0-0 h6 7. Be3 g5 8. Nc3 Nb4 9. Bxf5 Nxf5 10. a3 Nc6 11. h3 Be7 12. Qd2 Qd7 13. b4 b6 14. Rac1 0-0-0 15. Ne2 Rdg8 16. c4 g4 17. hxg4 Rxg4 18. Nf4 Rhg8 19. Rc3 Bd8 20. cxd5 exd5 21. Rfc1 Nce7 22. e6 fxe6 23. Ne5 Qa4 24. Nxg4 Rxg4 25. Nxe6 Nh4 26. Rxc7+ Bxc7 27. Rxc7+ Kb8 28. Qc1 Rxg2+ 29. Kh1 Qb3 30. Rxe7 Qc4 31. Bf4+ Ka8 32. Nc7+ 1-0

[Event "COL-ch"]
[Site "Bogota"]
[Date "2018.11.09"]
[Round "6"]
[White "Calero, Hector Andres"]
[Black "Rodriguez Velasco, German Enrique"]
[Result "0-1"]
[WhiteElo "1937"]
[BlackElo "2144"]
[PlyCount "98"]
[EventDate "2018.11.06"]
[EventType "swiss"]
[EventRounds "9"]
[EventCountry "COL"]
[SourceTitle "CBM 187 Extra"]
[Source "ChessBase"]
[SourceDate "2018.11.04"]
[SourceVersion "1"]
[SourceVersionDate "2018.11.04"]
[SourceQuality "1"]

1. e4 c5 2. Nf3 e6 3. d4 cxd4 4. Nxd4 a6 5. Bd3 Bc5 6. Nb3 Ba7 7. 0-0 Nc6 8. Nc3 Nf6 9. Bf4 d5 10. e5 Nd7 11. Qg4 g6 12. Rfe1 Nc5 13. Bg5 Qc7 14. Bf6 Rg8 15. Qh4 h5 16. Rad1 Nxb3 17. cxb3 Bc5 18. Rc1 Be7 19. Bf1 Qd8 20. Rcd1 Bd7 21. g3 Kf8 22. Qg5 Bxf6 23. exf6 Rh8 24. Bh3 Qc7 25. Rc1 Re8 26. Bg2 h4 27. Bf3 Nd4 28. Bg4 Bc6 29. Qe3 Qb6 30. Na4 Bxa4 31. bxa4 e5 32. Qa3+ Kg8 33. a5 Qxf6 34. Rc7 Nb5 35. Qc5 Nxc7 36. Qxc7 Qc6 37. Qxc6 bxc6 38. Bd7 Re7 39. Bxc6 d4 40. f4 f6 41. b4 Kg7 42. a4 hxg3 43. hxg3 d3 44. fxe5 fxe5 45. Be4 Rd8 46. b5 Rd4 47. Bg2 Rxa4 48. b6 Rxa5 49. Rb1 Rb5 0-1

[Event "Cali Region-ch"]
[Site "Cali"]
[Date "2017.05.01"]
[Round "7"]
[White "Gonzalez, Leandro"]
[Black "Calero, Hector Andres"]
[Result "0-1"]
[WhiteElo "1560"]
[BlackElo "1909"]
[PlyCount "32"]
[EventDate "2017.04.28"]
[EventType "swiss"]
[EventRounds "7"]
[EventCountry "COL"]
[SourceTitle "CBM 178 Extra"]
[Source "ChessBase"]
[SourceDate "2017.06.22"]
[SourceVersion "1"]
[SourceVersionDate "2017.06.22"]
[SourceQuality "1"]

1. e4 c5 2. Nf3 d6 3. d4 cxd4 4. Nxd4 Nf6 5. Nc3 a6 6. h3 e6 7. g4 h6 8. Bg2 Be7 9. 0-0 Nc6 10. Nde2 Qc7 11. Ng3 b5 12. a3 Bb7 13. Be3 Rd8 14. Qe2 Ne5 15. f4 Nc4 16. Rab1 Nxa3 0-1

[Event "Cali Region-ch"]
[Site "Cali"]
[Date "2017.04.30"]
[Round "5"]
[White "Borrero, Alexander"]
[Black "Calero, Hector Andres"]
[Result "1-0"]
[WhiteElo "1783"]
[BlackElo "1909"]
[PlyCount "71"]
[EventDate "2017.04.28"]
[EventType "swiss"]
[EventRounds "7"]
[EventCountry "COL"]
[SourceTitle "CBM 178 Extra"]
[Source "ChessBase"]
[SourceDate "2017.06.22"]
[SourceVersion "1"]
[SourceVersionDate "2017.06.22"]
[SourceQuality "1"]

1. e4 c5 2. Nc3 d6 3. Nf3 Nf6 4. d4 cxd4 5. Nxd4 a6 6. Be2 e5 7. Nb3 Be7 8. 0-0 0-0 9. Be3 Be6 10. f3 Nbd7 11. Qe1 b5 12. a3 Nb6 13. Na5 Rc8 14. Qf2 Nbd7 15. Nb3 d5 16. exd5 Nxd5 17. Nxd5 Bxd5 18. Rac1 Bh4 19. g3 Be7 20. Rfd1 Be6 21. f4 Qc7 22. f5 Bc4 23. Bf3 Rfd8 24. Kg2 h6 25. h3 a5 26. g4 a4 27. Nd2 Nc5 28. Nxc4 bxc4 29. Rxd8+ Rxd8 30. f6 gxf6 31. Bxh6 Bf8 32. Be3 Rb8 33. Bd5 Rxb2 34. Qxf6 Nd3 35. Qg6+ Kh8 36. Bxf7 1-0

[Event "COL-ch U18"]
[Site "Cali"]
[Date "2016.07.04"]
[Round "9"]
[White "Calero, Hector Andres"]
[Black "Oliveros, Camilo"]
[Result "0-1"]
[WhiteElo "1845"]
[BlackElo "1990"]
[PlyCount "98"]
[EventDate "2016.06.29"]
[EventType "tourn"]
[EventRounds "9"]
[EventCountry "COL"]
[SourceTitle "CBM 173 Extra"]
[Source "ChessBase"]
[SourceDate "2016.08.29"]
[SourceVersion "1"]
[SourceVersionDate "2016.08.29"]
[SourceQuality "1"]

1. e4 e5 2. Nf3 Nc6 3. Bb5 a6 4. Ba4 d6 5. c3 Nf6 6. d3 Be7 7. 0-0 0-0 8. Re1 b5 9. Bc2 Re8 10. Nbd2 Bf8 11. Nf1 h6 12. h3 d5 13. Ng3 g6 14. a4 Bb7 15. a5 Bg7 16. Bb3 dxe4 17. dxe4 Qxd1 18. Rxd1 Rad8 19. Rxd8 Rxd8 20. Be3 Ne8 21. Bd5 Nd6 22. Nd2 Ne7 23. Ba2 Kh7 24. Nb3 f5 25. exf5 gxf5 26. f4 Nc4 27. Bc5 Ng6 28. fxe5 f4 29. Nf5 Bxe5 30. Bd4 Rf8 31. Bxe5 Rxf5 32. Nc5 Rxe5 33. Nxb7 Nxb2 34. Rb1 Na4 35. Rc1 Re3 36. c4 b4 37. Rd1 Ne5 38. Bb1+ Kg7 39. Bf5 b3 40. Nd8 Nc3 41. Rf1 Ne2+ 42. Kh2 Ng3 43. Rxf4 Nxf5 44. Rxf5 b2 45. Ne6+ Kg6 46. Rf1 Nd3 47. Nxc7 Re1 48. Rxe1 Nxe1 49. Nxa6 b1Q 0-1

[Event "COL-ch U18"]
[Site "Cali"]
[Date "2016.07.03"]
[Round "7"]
[White "Calero, Hector Andres"]
[Black "Santofimio Vega, Andres Camilo"]
[Result "1-0"]
[WhiteElo "1845"]
[BlackElo "1640"]
[PlyCount "69"]
[EventDate "2016.06.29"]
[EventType "tourn"]
[EventRounds "9"]
[EventCountry "COL"]
[SourceTitle "CBM 173 Extra"]
[Source "ChessBase"]
[SourceDate "2016.08.29"]
[SourceVersion "1"]
[SourceVersionDate "2016.08.29"]
[SourceQuality "1"]

1. e4 c5 2. Nf3 d6 3. d4 cxd4 4. Nxd4 Nf6 5. Nc3 g6 6. Be3 Bg7 7. f3 0-0 8. Qd2 Nc6 9. 0-0-0 d5 10. Qe1 e5 11. Nxc6 bxc6 12. exd5 cxd5 13. Bg5 Qe8 14. Bb5 Qe6 15. Bxf6 Bxf6 16. Nxd5 Bg7 17. Qh4 Rb8 18. Bc4 Kh8 19. Bb3 Qc6 20. Ne7 Qb6 21. Nxc8 Rfxc8 22. Qe7 a5 23. Rd6 Qb4 24. Rhd1 Rf8 25. Rd7 Qf4+ 26. Kb1 Bf6 27. Qd6 Kg7 28. Bxf7 Kh8 29. Bb3 Qxh2 30. Bf7 Qh4 31. g3 Qg5 32. f4 exf4 33. Rd5 Rxb2+ 34. Kc1 Be5 35. Qxf8# 1-0

[Event "COL-ch U18"]
[Site "Cali"]
[Date "2016.07.01"]
[Round "5"]
[White "Calero, Hector Andres"]
[Black "Zapata Arbelaes, Estiven"]
[Result "0-1"]
[WhiteElo "1845"]
[BlackElo "2102"]
[PlyCount "48"]
[EventDate "2016.06.29"]
[EventType "tourn"]
[EventRounds "9"]
[EventCountry "COL"]
[SourceTitle "CBM 173 Extra"]
[Source "ChessBase"]
[SourceDate "2016.08.29"]
[SourceVersion "1"]
[SourceVersionDate "2016.08.29"]
[SourceQuality "1"]

1. e4 e5 2. Nf3 Nc6 3. Bb5 a6 4. Ba4 Nf6 5. d3 b5 6. Bb3 Be7 7. 0-0 d6 8. c3 Na5 9. Bc2 c5 10. Re1 0-0 11. Nbd2 Nc6 12. Nf1 Qc7 13. Ne3 Be6 14. d4 cxd4 15. cxd4 Nb4 16. Bb3 Bc4 17. Bxc4 bxc4 18. b3 Nd3 19. Rf1 Nxe4 20. Nxc4 Ndxf2 21. Rxf2 Nxf2 22. Kxf2 e4 23. Ng1 d5 24. Nd2 Qf4+ 0-1

[Event "COL-ch U18"]
[Site "Cali"]
[Date "2016.07.01"]
[Round "4"]
[White "Salcedo Perez, Pablo Esteban"]
[Black "Calero, Hector Andres"]
[Result "1-0"]
[WhiteElo "2035"]
[BlackElo "1845"]
[PlyCount "89"]
[EventDate "2016.06.29"]
[EventType "tourn"]
[EventRounds "9"]
[EventCountry "COL"]
[SourceTitle "CBM 173 Extra"]
[Source "ChessBase"]
[SourceDate "2016.08.29"]
[SourceVersion "1"]
[SourceVersionDate "2016.08.29"]
[SourceQuality "1"]

1. d4 Nf6 2. c4 g6 3. Nc3 Bg7 4. e4 d6 5. Nf3 0-0 6. Be2 Na6 7. Nd2 e5 8. d5 c6 9. 0-0 Ne8 10. a3 f5 11. b4 c5 12. Rb1 Bh6 13. Nb3 Bxc1 14. Nxc1 b6 15. Nd3 Nf6 16. f3 g5 17. bxc5 Nxc5 18. Nxc5 bxc5 19. exf5 Bxf5 20. Bd3 Bxd3 21. Qxd3 Rf7 22. Qf5 Nh5 23. Qg4 Nf4 24. Ne4 Rg7 25. Qf5 Qe7 26. Qf6 Rd8 27. Qxe7 Rxe7 28. Rb2 h6 29. Rfb1 Kf7 30. Ng3 Kg6 31. Rb7 Rdd7 32. Rb8 h5 33. Ne4 Rg7 34. Rf8 Rb7 35. Rf6+ Kh7 36. Rd1 Rg6 37. Rxd6 Rxd6 38. Nxd6 Rb2 39. Ne4 Rxg2+ 40. Kh1 Rc2 41. Nxg5+ Kg6 42. h4 Kf6 43. d6 Ne6 44. Nxe6 Kxe6 45. d7 1-0

[Event "COL-ch U18"]
[Site "Cali"]
[Date "2016.06.30"]
[Round "3"]
[White "Calero, Hector Andres"]
[Black "Ribero, Guillermo Andres"]
[Result "1-0"]
[WhiteElo "1845"]
[BlackElo "1901"]
[PlyCount "27"]
[EventDate "2016.06.29"]
[EventType "tourn"]
[EventRounds "9"]
[EventCountry "COL"]
[SourceTitle "CBM 173 Extra"]
[Source "ChessBase"]
[SourceDate "2016.08.29"]
[SourceVersion "1"]
[SourceVersionDate "2016.08.29"]
[SourceQuality "1"]

1. e4 c5 2. Nf3 Nc6 3. Bb5 g6 4. c3 Qb6 5. Qe2 Bg7 6. Na3 a6 7. Bxc6 bxc6 8. Nc4 Qc7 9. e5 f6 10. d4 cxd4 11. cxd4 c5 12. Bf4 Qc6 13. d5 Qb5 14. exf6 1-0

[Event "Pan American-ch U20"]
[Site "Guatape"]
[Date "2016.06.25"]
[Round "9"]
[White "Salcedo Perez, Pablo Esteban"]
[Black "Calero, Hector Andres"]
[Result "1/2-1/2"]
[WhiteElo "2035"]
[BlackElo "1845"]
[PlyCount "53"]
[EventDate "2016.06.20"]
[EventType "swiss"]
[EventRounds "9"]
[EventCountry "COL"]
[SourceTitle "EXT 2017"]
[Source "ChessBase"]
[SourceDate "2016.10.25"]
[SourceVersion "1"]
[SourceVersionDate "2016.10.25"]
[SourceQuality "1"]

1. d4 Nf6 2. c4 g6 3. Nf3 Bg7 4. g3 0-0 5. Bg2 d6 6. 0-0 Nc6 7. Nc3 a6 8. d5 Na5 9. b3 c5 10. dxc6 Nxc6 11. Bb2 Be6 12. Nd4 Nxd4 13. Qxd4 Nd5 14. Qd2 Nxc3 15. Bxc3 Bxc3 16. Qxc3 Qc7 17. Rac1 Rac8 18. Qd2 Qb8 19. Qg5 b5 20. Bd5 Bxd5 21. cxd5 Qb7 22. e4 Rfd8 23. Qe3 Rd7 24. Rxc8+ Qxc8 25. Rc1 Rc7 26. Rxc7 Qxc7 27. Qd2 1/2-1/2

[Event "Pan American-ch U16"]
[Site "Cali"]
[Date "2015.07.02"]
[Round "7"]
[White "Chumo, Emanuel"]
[Black "Calero, Hector Andres"]
[Result "0-1"]
[WhiteElo "1741"]
[BlackElo "1877"]
[PlyCount "58"]
[EventDate "2015.06.28"]
[EventType "swiss"]
[EventRounds "9"]
[EventCountry "COL"]
[SourceTitle "EXT 2016"]
[Source "ChessBase"]
[SourceDate "2015.10.08"]
[SourceVersion "1"]
[SourceVersionDate "2015.10.08"]
[SourceQuality "1"]

1. d4 Nf6 2. c4 g6 3. Nc3 Bg7 4. e4 d6 5. Nf3 0-0 6. Be2 Na6 7. 0-0 e5 8. a3 c6 9. Rb1 Nc7 10. d5 Nh5 11. g3 f5 12. Bg5 Nf6 13. Nd2 h6 14. Bxf6 Qxf6 15. f4 exf4 16. Rxf4 Qd4+ 17. Kg2 g5 18. Rf2 f4 19. Nf3 Qf6 20. Qd2 fxg3 21. e5 dxe5 22. Ne4 Qf5 23. Nxg3 Qxb1 24. Bd3 Qa2 25. Qe3 g4 26. Nxe5 Rxf2+ 27. Qxf2 Bxe5 28. Ne4 Qxb2 29. Qxb2 Bxb2 0-1

[Event "Central America & Caribbean U16"]
[Site "Palmira"]
[Date "2014.10.05"]
[Round "3.5"]
[White "Uzcategui Rodriguez, Alejandro"]
[Black "Calero, Hector Andres"]
[Result "1-0"]
[WhiteElo "2097"]
[BlackElo "1827"]
[PlyCount "103"]
[EventDate "2014.10.04"]
[EventType "swiss"]
[EventRounds "9"]
[EventCountry "COL"]
[SourceTitle "EXT 2024"]
[Source "ChessBase"]
[SourceDate "2023.10.10"]
[SourceVersion "1"]
[SourceVersionDate "2023.10.10"]
[SourceQuality "1"]

1. d4 Nf6 2. Bg5 g6 3. Nc3 d5 4. Bxf6 exf6 5. e3 Bg7 6. Bd3 Be6 7. Nge2 0-0 8. Nf4 c6 9. h4 Qe7 10. h5 f5 11. hxg6 fxg6 12. Qe2 Nd7 13. g4 fxg4 14. 0-0-0 Bf5 15. Bxf5 Rxf5 16. Qxg4 Re8 17. Nce2 Rff8 18. Ng3 Nf6 19. Qh3 Qd7 20. Qg2 Re7 21. Nf1 Qg4 22. Qh2 g5 23. Nd3 Qe6 24. Ng3 h6 25. Ne5 Ng4 26. Nxg4 Qxg4 27. Nh5 Bh8 28. Rdg1 Qf3 29. Qd6 Bf6 30. Nxf6+ Qxf6 31. Rxh6 Qxd6 32. Rxg5+ Rg7 33. Rxg7+ Kxg7 34. Rxd6 Rxf2 35. Rd7+ Rf7 36. Rxf7+ Kxf7 37. Kd2 Ke6 38. Ke2 Kf6 39. Kd3 Kf5 40. b3 b6 41. c4 a6 42. a3 Kf6 43. cxd5 cxd5 44. e4 dxe4+ 45. Kxe4 Ke6 46. d5+ Kd6 47. Kd4 a5 48. a4 Kd7 49. Ke5 Ke7 50. d6+ Kd7 51. Kd5 Kd8 52. Kc6 1-0

[Event "COL-ch U16"]
[Site "Bogota"]
[Date "2014.06.01"]
[Round "6"]
[White "Agudelo, Pedro Luis"]
[Black "Calero, Hector Andres"]
[Result "1/2-1/2"]
[WhiteElo "1805"]
[BlackElo "1818"]
[PlyCount "110"]
[EventDate "2014.05.29"]
[EventType "swiss"]
[EventRounds "7"]
[EventCountry "COL"]
[SourceTitle "CBM 160 Extra"]
[Source "ChessBase"]
[SourceDate "2014.07.01"]
[SourceVersion "1"]
[SourceVersionDate "2014.07.01"]
[SourceQuality "1"]

1. e4 c5 2. Nf3 d6 3. d4 cxd4 4. Nxd4 Nf6 5. Nc3 a6 6. Bc4 e6 7. 0-0 Be7 8. Bg5 0-0 9. Qf3 Qb6 10. Nb3 Nc6 11. Bf4 Qc7 12. a4 b6 13. Rfe1 Bb7 14. Qe2 Nd7 15. Bg3 Nce5 16. Bd3 Nxd3 17. cxd3 Nc5 18. Nxc5 Qxc5 19. Qe3 Qb4 20. Na2 Qb3 21. Qd4 d5 22. Qc3 Qxc3 23. Nxc3 dxe4 24. dxe4 Rac8 25. Red1 Rfd8 26. Rxd8+ Rxd8 27. Bc7 Rd2 28. Rd1 Rxb2 29. Rd7 Rc2 30. Nd1 Kf8 31. Bxb6 Bxe4 32. f3 Bd5 33. Ne3 Rc1+ 34. Kf2 Bb3 35. Ra7 Bxa4 36. Rxa6 Be8 37. Bd4 Bc5 38. Bxc5+ Rxc5 39. Ng4 h5 40. Ne3 Ke7 41. Rb6 Kf6 42. Rb4 Bb5 43. Rf4+ Kg6 44. Rd4 Bc6 45. Rb4 e5 46. h4 f5 47. g3 e4 48. f4 Bb5 49. Rb2 Bd3 50. Rb6+ Kh7 51. Rb2 Ra5 52. Kg2 Kg6 53. Rb6+ Kh7 54. Rb2 Rc5 55. Kf2 Ra5 1/2-1/2

[Event "COL-ch U16"]
[Site "Bogota"]
[Date "2014.05.31"]
[Round "4"]
[White "Calero, Hector Andres"]
[Black "Gaitan Bautista, Oscar"]
[Result "1-0"]
[WhiteElo "1818"]
[BlackElo "1615"]
[PlyCount "103"]
[EventDate "2014.05.29"]
[EventType "swiss"]
[EventRounds "7"]
[EventCountry "COL"]
[SourceTitle "CBM 160 Extra"]
[Source "ChessBase"]
[SourceDate "2014.07.01"]
[SourceVersion "1"]
[SourceVersionDate "2014.07.01"]
[SourceQuality "1"]

1. e4 d5 2. exd5 Qxd5 3. Nc3 Qa5 4. d4 Bf5 5. Nf3 c6 6. Bd2 e6 7. Bc4 Nd7 8. Bb3 Ngf6 9. Qe2 Bb4 10. a3 Bxc3 11. Bxc3 Qc7 12. Nh4 Bg6 13. Nxg6 hxg6 14. g3 0-0-0 15. 0-0-0 Rh5 16. Bd2 Qb6 17. Bf4 Nd5 18. Bxd5 Rxd5 19. Rd3 Nf6 20. Be5 Rg8 21. c4 Rdd8 22. Qf3 Nd7 23. Qxf7 Nxe5 24. dxe5 Rxd3 25. Qxg8+ Kc7 26. Qxg7+ Rd7 27. Qxg6 Qxf2 28. Qc2 Qe3+ 29. Kb1 Rd2 30. Qc1 Qd3+ 31. Ka1 Rc2 32. Qd1 Rd2 33. Qc1 Rc2 34. Qd1 Rd2 35. Qa4 Qd4 36. Qb4 c5 37. Qc3 Qf2 38. Qa5+ Kc8 39. Qb5 Kc7 40. h4 a6 41. Qa5+ b6 42. Qc3 Rc2 43. Qb3 Qg2 44. Rd1 Qe2 45. Rd6 b5 46. cxb5 c4 47. b6+ Kb7 48. Qb4 Rc1+ 49. Ka2 Qe4 50. Rd7+ Kc6 51. Rc7+ Kd5 52. Qc5# 1-0

[Event "COL-ch U18"]
[Site "Cali"]
[Date "2014.04.04"]
[Round "3"]
[White "Calero, Hector Andres"]
[Black "Gonzalez Lopez, Nicolas Mateo"]
[Result "1/2-1/2"]
[WhiteElo "1800"]
[BlackElo "1870"]
[PlyCount "87"]
[EventDate "2014.04.03"]
[EventType "swiss"]
[EventRounds "7"]
[EventCountry "COL"]
[SourceTitle "CBM 159 Extra"]
[Source "ChessBase"]
[SourceDate "2014.04.24"]
[SourceVersion "1"]
[SourceVersionDate "2014.04.24"]
[SourceQuality "1"]

1. e4 c6 2. d4 d5 3. Nc3 dxe4 4. Nxe4 Nd7 5. Ng5 Ngf6 6. Bd3 e6 7. N1f3 Bd6 8. 0-0 h6 9. Ne4 Nxe4 10. Bxe4 Nf6 11. Bd3 0-0 12. c3 Qc7 13. h3 b6 14. Re1 Bb7 15. Ne5 c5 16. Bf4 Nd5 17. Bd2 cxd4 18. cxd4 Bb4 19. a3 Bxd2 20. Qxd2 Rac8 21. Rac1 Qd6 22. Rxc8 Rxc8 23. Rc1 Rxc1+ 24. Qxc1 f6 25. Ng6 Kf7 26. Kh1 f5 27. Ne5+ Kf6 28. Bb5 a6 29. Bc6 Bxc6 30. Qxc6 Qxc6 31. Nxc6 Kf7 32. g3 Ke8 33. Kg2 Kd7 34. Ne5+ Kd6 35. Kf3 Ne7 36. Ke3 Nc6 37. Nxc6 Kxc6 38. b3 g5 39. f4 gxf4+ 40. gxf4 Kd5 41. Kd3 b5 42. b4 Kc6 43. Kc3 Kd6 44. Kd2 1/2-1/2

[Event "COL-ch U18"]
[Site "Cali"]
[Date "2014.04.03"]
[Round "2"]
[White "Calero, Hector Andres"]
[Black "Leyton Capera, Julio Cesar"]
[Result "1-0"]
[WhiteElo "1800"]
[BlackElo "1510"]
[PlyCount "65"]
[EventDate "2014.04.03"]
[EventType "swiss"]
[EventRounds "7"]
[EventCountry "COL"]
[SourceTitle "CBM 159 Extra"]
[Source "ChessBase"]
[SourceDate "2014.04.24"]
[SourceVersion "1"]
[SourceVersionDate "2014.04.24"]
[SourceQuality "1"]

1. e4 e5 2. Nf3 Nc6 3. Bb5 d6 4. d4 exd4 5. Nxd4 Bd7 6. Nc3 Nf6 7. 0-0 Be7 8. Nde2 Ne5 9. Bxd7+ Qxd7 10. b3 0-0-0 11. f4 Nc6 12. Bb2 d5 13. exd5 Bc5+ 14. Kh1 Ne7 15. Na4 Qd6 16. Nxc5 Qxc5 17. c4 c6 18. Bd4 Qa5 19. Bc3 Qa6 20. Qc2 cxd5 21. cxd5 Kb8 22. Rac1 Nfxd5 23. Be5+ Ka8 24. Rf3 f6 25. Bd4 Rc8 26. Nc3 Rc6 27. Qd2 Re8 28. Re1 Nxc3 29. Bxc3 Rd6 30. Qf2 Re6 31. Rxe6 Qxe6 32. Re3 Qd7 33. Qe1 1-0